|
|
|
|
| LEADER |
00000nam0a2200000 4500 |
| 001 |
106027 |
| 005 |
20231031114737.0 |
| 010 |
|
|
|a 594275263X
|
| 035 |
|
|
|a (RuTPU)RU\TPU\book\114420
|
| 090 |
|
|
|a 106027
|
| 100 |
|
|
|a 20061130d2006 k y0rusy50 ca
|
| 101 |
0 |
|
|a rus
|
| 102 |
|
|
|a RU
|
| 105 |
|
|
|a a z 001zy
|
| 200 |
1 |
|
|a Исследование и проектирование процессов зубонарезания инструментами червячного типа
|f О. В. Полохин, А. С. Тарапанов, Г. А. Харламов
|
| 210 |
|
|
|a Москва
|c Машиностроение-1
|d 2006
|
| 215 |
|
|
|a 148 с.
|c ил.
|
| 320 |
|
|
|a Библиогр.: с. 141-147.
|
| 330 |
|
|
|a Рассмотрены теоретические основы нарезания зубчатых колес, с круглыми и некруглыми центроидами, инструментами червячного типа. Представлена методика определения точности и качества зубчатых колес на основе комплексного анализа геометрических, кинематических и силовых параметров процесса зубофрезерования. Для инженерно-технических работников машиностроительных предприятий, научных работников, преподавателей, аспирантов и студентов вузов.
|
| 610 |
1 |
|
|a металлорежущие станки
|
| 610 |
1 |
|
|a зубчатые колеса
|
| 610 |
1 |
|
|a зубья
|
| 610 |
1 |
|
|a нарезание
|
| 610 |
1 |
|
|a червячные инструменты
|
| 610 |
1 |
|
|a обработка
|
| 610 |
1 |
|
|a экспериментальные исследования
|
| 610 |
1 |
|
|a точность
|
| 675 |
|
|
|a 621.914.6:621.833
|v 3
|
| 700 |
|
1 |
|a Полохин
|b О. В.
|g Олег Владимирович
|
| 701 |
|
1 |
|a Тарапанов
|b А. С.
|g Александр Сергеевич
|
| 701 |
|
1 |
|a Харламов
|b Г. А.
|g Геннадий Андреевич
|
| 801 |
|
1 |
|a RU
|b 63413507
|c 20061130
|g PSBO
|
| 801 |
|
2 |
|a RU
|b 63413507
|c 20061219
|g PSBO
|
| 942 |
|
|
|c BK
|